000 00284nam a22001097a 4500
008 160511b xxu||||| |||| 00| 0 eng d
020 _a9781305080355
041 _aeng
080 _a316.77
245 _aMedia now:
_cJoseph Straubhaar; Robert Larose; Lucinda Davenport;
942 _2udc
_cBK
999 _c2031
_d2031